000 01199cam a2200193 4500
001 WB3747-26
008 011213n2001 000 0 eng u
035 _a(Sirsi) u115986
245 _aPlanning green paper
260 _c2001
490 _aRICS Planning and Development Faculty News
_v12 December 2001, (1)
520 _aRICS has welcomed government's planning green paper, published on 12 December 2001, which promises to create a more streamlined system, which responds more rapidly to changing social and economic trends. Perhaps the most significant move by government is to remove the role of the county councils in the planning process, thereby increasing the role of the regional and local authorities. Among the changes particularly welcomed by RICS are: the creation of Business Planning Zones, and additional compensation for businesses affected by compulsory purchase orders. To view "Planning: delivering a fundamental change" visit: http://www.planning.dtlr.gov.uk/consult/greenpap/index.htm
590 _aWB
650 _aGREEN PAPER
650 _aRICS
650 _aPLANNING SYSTEM
690 _aENVIRONMENTAL AND LAND CONSULTANCY-PLANNING AND DEVELOPMENT
942 _n0
999 _c69103
_d69103